Weiner Volksmusik Potpourri : Piano /

Hlavní autor: Komzák, Karel, 1823-1893
Jazyk: Nelze použít, není lingvistický obsah
Vydáno: Prag : Starý, [1890?]
Vydání: 32. Aufl.
Fyzický popis: 19 s.
Hudebniny Hudebniny
Uloženo v:
LEADER 00688ncm a22002172a 4500
001 001221523
003 CZ BrMZK
005 20120611072314.0
007 qu
008 120611s1890 xr |||||||||||||||||zxx d
040 |a BOA001  |b cze 
072 7 |a 786  |x Hudba pro klávesové nástroje  |2 Konspekt  |9 9 
100 1 |a Komzák, Karel,  |d 1823-1893  |7 ola2002101301  |4 cmp 
245 1 0 |a Weiner Volksmusik  |h [hudebnina] :  |b Potpourri : Piano /  |c Karel Komzák 
250 |a 32. Aufl. 
260 |a Prag :  |b Starý,  |c [1890?] 
300 |a 19 s. 
910 |a BOA001  |b Mus4-0409.797 
990 |a MU 
991 |b 201206 
996 6 |b 2619631935  |c Mus4-0409.797  |l MZK  |r Sklad / do 1 hodiny  |n 0  |w 001255500  |u 000010  |a 1  |e BOA001  |j MZK50  |s P